Größte Städte in Südamerika - Statistiken

Allgemein
  • Dieses Quiz wurde 492 mal gespielt
  • Das Durchschnittsergebnis liegt bei 13 aus 20
Antwortstatistiken
# Land Stadt % Korrekt
4 Brasilien Rio de Janeiro
99%
7 Argentinien Buenos Aires
96%
2 Peru Lima
96%
3 Kolumbien Bogota
95%
5 Chile Santiago
94%
6 Venezuela Caracas
93%
1 Brasilien São Paulo
93%
9 Brasilien Brasilia
92%
12 Ecuador Quito
88%
13 Brasilien Belo Horizonte
66%
14 Kolumbien Medellin
59%
16 Brasilien Manaus
52%
19 Brasilien Recife
45%
15 Kolumbien Cali
44%
10 Brasilien Fortaleza
42%
8 Brasilien Salvador
37%
11 Ecuador Guayaquil
36%
17 Brasilien Curitiba
29%
18 Venezuela Maracaibo
26%
20 Bolivien Santa Cruz de la Sierra
20%
Keine übereinstimmenden Quizze gefunden
Verteilung der Resultate
Anzahl Personen mit jedem Resultat
Perzentil nach korrekt beantworteten Fragen
Ihre Resultats-Entwicklung
Sie haben dieses Quiz noch nicht gespielt